Countries ending in "an" - Statistics

General Stats
  • This quiz has been taken 35 times
    3 since last reset
  • The average score is 8 of 16
Answer Stats
Answer % Correct
Afghanistan
100%
Azerbaijan
67%
Kazakhstan
67%
Kyrgyzstan
67%
Pakistan
67%
Tajikistan
67%
Turkmenistan
67%
Uzbekistan
67%
Bhutan
33%
Iran
33%
Japan
33%
Oman
33%
South Sudan
33%
Sudan
33%
Jordan
0%
Taiwan
0%
No matching quizzes found
Score Distribution
Percent of People with Each Score
Percentile by Number Answered
Your Score History
You have not taken this quiz since the last reset